[Event "PNWCC Online blitz JP 2nd"]
[Site "Chess.com INT"]
[Date "2020.03.21"]
[Round "8"]
[White "Wei, Daniel"]
[Black "Tian, Eddy"]
[Result "0-1"]
[WhiteElo "1751"]
[BlackElo "2204"]
[PlyCount "36"]
[EventDate "2020.03.21"]
[EventType "swiss (blitz)"]
[EventRounds "11"]
[EventCountry "USA"]
[SourceTitle "CBM 195 Extra"]
[Source "ChessBase"]
[SourceDate "2020.05.31"]
[SourceVersion "1"]
[SourceVersionDate "2020.05.31"]
[SourceQuality "1"]

1. e4 c6 2. Nc3 d5 3. d4 dxe4 4. Nxe4 Nf6 5. Ng3 h5 6. h4 c5 7. Bb5+ Nc6 8. Nf3 Qa5+ 9. Bd2 Qxb5 10. dxc5 Bg4 11. a4 Qxc5 12. Be3 Qb4+ 13. c3 Qxb2 14. 0-0 Rd8 15. Qe1 Bxf3 16. gxf3 Ne5 17. Kg2 Nd3 18. Qd1 Nf4+ 0-1

[Event "PNWCC Online blitz JP 2nd"]
[Site "Chess.com INT"]
[Date "2020.03.21"]
[Round "1"]
[White "Wei, Daniel"]
[Black "Zhang, Michael"]
[Result "1-0"]
[WhiteElo "1751"]
[BlackElo "2022"]
[PlyCount "43"]
[EventDate "2020.03.21"]
[EventType "swiss (blitz)"]
[EventRounds "11"]
[EventCountry "USA"]
[SourceTitle "CBM 195 Extra"]
[Source "ChessBase"]
[SourceDate "2020.05.31"]
[SourceVersion "1"]
[SourceVersionDate "2020.05.31"]
[SourceQuality "1"]

1. e4 e5 2. Nf3 Nc6 3. d4 exd4 4. Nxd4 Nf6 5. Nxc6 bxc6 6. Qe2 Bc5 7. e5 Ng8 8. Qg4 g6 9. Nc3 d5 10. Qa4 Bd7 11. Bf4 Ne7 12. h4 0-0 13. h5 gxh5 14. Bh6 Re8 15. 0-0-0 Bg4 16. f3 Bd7 17. Bd3 d4 18. Ne4 Bb6 19. Nf6+ Kh8 20. Rxh5 Qb8 21. Bf8 Rxf8 22. Rxh7# 1-0

[Event "Alberta op"]
[Site "Edmonton"]
[Date "2017.10.07"]
[Round "1"]
[White "Findlay, Ian T"]
[Black "Wei, Daniel"]
[Result "1-0"]
[WhiteElo "2194"]
[BlackElo "1776"]
[PlyCount "55"]
[EventDate "2017.10.07"]
[EventType "swiss"]
[EventRounds "6"]
[EventCountry "CAN"]
[SourceTitle "EXT 2019"]
[Source "ChessBase"]
[SourceDate "2018.10.10"]
[SourceVersion "1"]
[SourceVersionDate "2018.10.10"]
[SourceQuality "1"]

1. e4 c5 2. Nf3 Nc6 3. d4 cxd4 4. Nxd4 g6 5. Nc3 Bg7 6. Be3 Nf6 7. Bc4 Qa5 8. 0-0 Qb4 9. Bb3 Nxe4 10. a3 Nxc3 11. Qf3 Ne5 12. axb4 Nxf3+ 13. Nxf3 Ne2+ 14. Kh1 Bxb2 15. Rae1 Nc3 16. Bd4 Rf8 17. Re3 d6 18. Bxc3 Bxc3 19. Rxc3 Bd7 20. Re1 e6 21. Ng5 h6 22. Ne4 Ke7 23. Rc7 Kd8 24. Rc3 Ke7 25. Rh3 h5 26. Rd3 d5 27. Nc5 Bc6 28. Bxd5 1-0